Silver in the bone / (Record no. 128482)
[ view plain ]
| 000 -LEADER | |
|---|---|
| fixed length control field | 01465nam a2200421 a 4500 |
| 001 - CONTROL NUMBER | |
| control field | fol20648973 |
| 003 - CONTROL NUMBER IDENTIFIER | |
| control field | ICrlF |
| 005 - DATE AND TIME OF LATEST TRANSACTION | |
| control field | 20250904223853.0 |
| 008 - FIXED-LENGTH DATA ELEMENTS--GENERAL INFORMATION | |
| fixed length control field | 220928s2023 nyub d 000 1 eng |
| 010 ## - LIBRARY OF CONGRESS CONTROL NUMBER | |
| LC control number | 2022045748 |
| 020 ## - INTERNATIONAL STANDARD BOOK NUMBER | |
| International Standard Book Number | 9780593481660 |
| 035 ## - SYSTEM CONTROL NUMBER | |
| System control number | (ICrlF)2541QA |
| 040 ## - CATALOGING SOURCE | |
| Original cataloging agency | DLC |
| Language of cataloging | eng |
| Transcribing agency | DLC |
| Modifying agency | ICrlF |
| 042 ## - AUTHENTICATION CODE | |
| Authentication code | pcc |
| -- | cyac |
| 050 00 - LIBRARY OF CONGRESS CALL NUMBER | |
| Classification number | PZ7.B6988 |
| Item number | Si 2023 |
| 082 00 - DEWEY DECIMAL CLASSIFICATION NUMBER | |
| Classification number | [Fic] |
| Edition number | 23 |
| 100 1# - MAIN ENTRY--PERSONAL NAME | |
| Personal name | Bracken, Alexandra. |
| 245 10 - TITLE STATEMENT | |
| Title | Silver in the bone / |
| Statement of responsibility, etc | Alexandra Bracken. |
| 250 ## - EDITION STATEMENT | |
| Edition statement | 1st ed. |
| 260 ## - PUBLICATION, DISTRIBUTION, ETC. (IMPRINT) | |
| Place of publication, distribution, etc | New York : |
| Name of publisher, distributor, etc | Alfred A. Knopf, |
| Date of publication, distribution, etc | [2023] |
| 300 ## - PHYSICAL DESCRIPTION | |
| Extent | 474 p. : |
| Other physical details | map ; |
| Dimensions | 24 cm. |
| 500 ## - GENERAL NOTE | |
| General note | "Book 1." |
| 510 3# - CITATION/REFERENCES NOTE | |
| Name of source | School Library Journal, April 2023 |
| 510 3# - CITATION/REFERENCES NOTE | |
| Name of source | Publishers Weekly, February 2023 |
| 510 3# - CITATION/REFERENCES NOTE | |
| Name of source | Booklist, January 2023 |
| 510 3# - CITATION/REFERENCES NOTE | |
| Name of source | Kirkus Review, February 2023 |
| 520 ## - SUMMARY, ETC. | |
| Summary, etc | "Tamsin Lark goes on a quest to find the infamous ring from Arthurian legend to break her brother's curse"--Provided by publisher. |
| 521 2# - TARGET AUDIENCE NOTE | |
| Target audience note | Young Adult |
| Source | Follett School Solutions. |
| 521 8# - TARGET AUDIENCE NOTE | |
| Target audience note | HL820 |
| Source | Lexile. |
| 650 #0 - SUBJECT ADDED ENTRY--TOPICAL TERM | |
| Topical term or geographic name as entry element | Blessing and cursing |
| Form subdivision | Juvenile fiction. |
| 650 #0 - SUBJECT ADDED ENTRY--TOPICAL TERM | |
| Topical term or geographic name as entry element | Siblings |
| Form subdivision | Juvenile fiction. |
| 9 (RLIN) | 40489 |
| 650 #1 - SUBJECT ADDED ENTRY--TOPICAL TERM | |
| Topical term or geographic name as entry element | Blessing and cursing |
| Form subdivision | Fiction. |
| 650 #1 - SUBJECT ADDED ENTRY--TOPICAL TERM | |
| Topical term or geographic name as entry element | Siblings |
| Form subdivision | Fiction. |
| 9 (RLIN) | 18771 |
| 650 #1 - SUBJECT ADDED ENTRY--TOPICAL TERM | |
| Topical term or geographic name as entry element | Fantasy. |
| 655 #7 - INDEX TERM--GENRE/FORM | |
| Genre/form data or focus term | Fantasy fiction. |
| Source of term | lcgft |
| 940 ## - EQUIVALENCE OR CROSS-REFERENCE--UNIFORM TITLE [OBSOLETE] [CAN/MARC only] | |
| -- | Young Adult |
| Date of treaty signing | 08/17/23 |
| Version | School Library Journal, April 2023 |
| -- | Publishers Weekly, February 2023 |
| -- | Booklist, January 2023 |
| -- | FSS |
| 942 ## - ADDED ENTRY ELEMENTS (KOHA) | |
| Koha item type | Book |
| Withdrawn status | Lost status | Source of classification or shelving scheme | Damaged status | Not for loan | Home library | Current library | Shelving location | Date acquired | Total Checkouts | Full call number | Barcode | Date last seen | Date checked out | Cost, replacement price | Price effective from | Koha item type |
|---|---|---|---|---|---|---|---|---|---|---|---|---|---|---|---|---|
| Available | Dewey Decimal Classification | Martha's Vineyard High School Library | Martha's Vineyard High School Library | FANTASY | 09/01/2023 | 1 | FIC BRA | 39844500061451 | 08/02/2025 | 09/20/2023 | 25.00 | 09/01/2023 | Book |
